000 00875cam a2200265 a 4500
001 988
005 20231124151706.0
020 _a0307030717
040 _aDLC
_cDLC
_dDLC
_beng
050 0 0 _aPZ7.P85
_bTap 1993b
082 0 0 _aFic
_220
100 1 _aPotter, Beatrix
_d1866-1943
245 1 4 _aThe tale of Peter Rabbit /
_cby Beatrix Potter ; illustrated by Cyndy Szekeres.
260 _aRacine :
_bWestern Publishing Company,
_c1993
300 _a23 unnumbered page :
_bcolors illustrations ;
_c21 cm
490 0 _aA little golden book
505 _aO
520 _aPeter disobeys his mother by going into Mr. McGregor's garden and almost gets caught.
521 _a610
_bLexile
521 _aO
_bRaz-plus
650 1 _aRabbits
_xFiction.
700 1 _aSzekeres, Cyndy
_eillustrator
906 _a7
_bcbc
_corignew
_d3
_eopcn
_f19
_gy-gencatlg
942 _2ddc
_cBK
_n0
999 _c988
_d988